成功, 從聚焦一件事開始 : (Record no. 6840)

MARC details
000 -記錄標示(系統產生)
fixed length control field 01599cam a2200385 i 4500
020 ## - ISBN
ISBN 9789863982388
價格 NT$320
100 1# - 主要款目
第一作者姓名 凱勒
245 10 - 書籍基本資料
書名 成功, 從聚焦一件事開始 :
副標題 不流失專注力的減法原則 /
作者名稱 蓋瑞.凱勒(Gary Keller), 傑伊.巴帕森(Jay Papasan)著 ; 羅耀宗譯
250 ## - 書籍版本資料
書籍版本 第二版
300 ## - 外觀規格(長、寬、高)
數量(面數, 冊數或其他) 254面 :
插圖及其他 圖 ;
高廣尺寸 21公分
490 1# - 套書系列資料
套書名稱 天下財經 ;
冊次號 324.
500 ## - 備註項
備註 譯自: The one thing : the surprisingly simple truth behind extraordinary results.
500 ## - 備註項
備註 第一版題名: 聚焦第一張骨牌 : 卓越背後的超簡單原則
942 ## - 其他項目(KOHA)
分類法來源 中文圖書分類法
館藏類型設定 一般圖書
Holdings
撤銷狀態 遺失狀態 分類號來源 損壞狀態 不外借 永久館藏地 現在館藏地 採購日期 所有借閱數 Total Renewals 完整索書號 條碼號 最後一次日期記錄 最後借出日期 一般價格有效日期 Koha館藏類型 公開資訊
未註銷館藏 未遺失 中文圖書分類法 未損毀 可外借 怡仁綜合醫院圖書館 怡仁綜合醫院圖書館 2018-06-27 6 1 494.35 C02418 2022-06-10 2022-06-02 2018-06-27 一般圖書   同樣一天24小時,為什麼有人就是成就更多?   關鍵在「聚焦能帶動後續改變的 1 件事」,許多事會自動消失不用做!   做得更少,但成效卻更好!   待辦事項愈來愈多,怎麼樣也趕不上進度?   賣命同時做很多事,但最後卻以挫折收場?   不是你不夠拚,而是用錯了方法!   我們一天28%的工作時間都被混亂、失焦、分心偷走了。   生活愈複雜,愈要學會簡化、聚焦的能力!
怡仁醫院| 地址:32643桃園市楊梅區楊新北路321巷30號 | 服務專線:03-4855566 | 電子郵件信箱:
Copyright © 1996 CHC Hospital